000 00297nam a22001337a 4500
008 170607b xxu||||| |||| 00| 0 eng d
020 _a9780674008793
041 _aeng
080 _a327
100 _a18
101 _aSHP
245 _aINKLINGS OF DEMOCRACY IN CHINA
_cOGDEN,S
942 _2udc
_cBK
999 _c16228
_d16228